000 00460nam a2200181 a 4500
001 33378
005 20180714001258.0
008 140415s1966 000 0 spa d
041 _aspa
082 _a860
_bKIN
100 1 _aKINGSTON, W. H. G.
245 1 2 _aA LO LARGO DEL AMAZONAS
260 _a[s.l.] :
_bESPASA-CALPE,
_c1966
300 _a265
490 _aAUSTRAL
_v375
650 1 4 _aLITERATURA ESPAOLA
700 1 _aCASAS, F. DE
_etr.
999 _c33378
_d33378